History Quiz

Random History or State Quiz

Super Tuesday States (2012) Quiz Stats

 Plays Quiz Updated Feb 25, 2020

Support Sporcle.
Go Orange.
Score 0/10 Timer 02:00
0 Plays Today
% Correct
Ohio
84.8%
Georgia
75.8%
Virginia
64.5%
Tennessee
63.6%
Vermont
58.4%
Idaho
55.8%
Oklahoma
54.3%
Alaska
53.7%
North Dakota
52.6%
Massachusetts
52%

From the Vault

Chessboard Setup

by puckett86

Gaming 60s
Did we mention that map quizzes are now available to everyone on Sporcle? Check out our blog post for more details. Your move.
Remove Ads.
Support Sporcle.
Get the best of Sporcle when you Go Orange. This ad-free experience offers more features, more stats, and more fun while also helping to support Sporcle. Thank you for becoming a member.

Show Comments

Extras

Top Quizzes Today


Score Distribution

Your Account Isn't Verified!

In order to create a playlist on Sporcle, you need to verify the email address you used during registration. Go to your Sporcle Settings to finish the process.

Report this User

Report this user for behavior that violates our Community Guidelines.

Details: